<The> impact of the CAP reform and exchange rates on Slovak agriculture
Dopad vstupu Slovenska do EÚ na slovenský poľnohospodársky sektor. Projekcie do roku 2015 sa uskutočnili pomocou dynamického ekonometrického modelu parciálnej rovnováhy. Hodnotili sa tri scenáre.
Guardado en:
| Autor principal: | |
|---|---|
| Otros Autores: | , , |
| Formato: | Capítulo de libro |
| Lenguaje: | inglés |
| Materias: | |
| Etiquetas: |
Sin Etiquetas, Sea el primero en etiquetar este registro!
|
MARC
| LEADER | 00000naa$a2200000$$$4500 | ||
|---|---|---|---|
| 001 | 0055656 | ||
| 005 | 20231128141217.0 | ||
| 041 | 0 | |a eng | |
| 044 | |a CZ | ||
| 245 | 1 | 0 | |a <The> impact of the CAP reform and exchange rates on Slovak agriculture |c Pavel Ciaian, Ján Pokrivčák, Ľubica Bartová, Dušan Drábik |
| 520 | |a Dopad vstupu Slovenska do EÚ na slovenský poľnohospodársky sektor. Projekcie do roku 2015 sa uskutočnili pomocou dynamického ekonometrického modelu parciálnej rovnováhy. Hodnotili sa tri scenáre. | ||
| 610 | 2 | 0 | |a poľnohospodárstvo |
| 610 | 2 | 0 | |a politika poľnohospodárska |
| 610 | 2 | 0 | |a reformy poľnohospodárske |
| 610 | 2 | 0 | |a Európska únia |
| 610 | 2 | 0 | |a modely ekonometrické |
| 610 | 2 | 0 | |a trh poľnohospodársky |
| 100 | 1 | |a Ciaian, Pavel | |
| 700 | 1 | |a Pokrivčák, Ján | |
| 700 | 1 | |a Bartová, Ľubica | |
| 700 | 1 | |a Drábik, Dušan | |